000
00278nam a22001217a 4500
008
210224b ||||| |||| 00| 0 eng d
041
_a
eng
080
_a
159.9
100
_a
48
101
_a
PSI
245
_a
Problems of Physiological Psychology
_c
Kantor,R.J
942
_2
udc
_c
BK
999
_c
55143
_d
55143